| 000 | 01099nam a2200313 i 4500 | ||
|---|---|---|---|
| 003 | CO-BoRNBP | ||
| 005 | 20250225111534.0 | ||
| 007 | ta | ||
| 008 | 250225s2023 ck a|||| |||| 00| 0 spa d | ||
| 020 | _a9786289549799 | ||
| 040 |
_aCO-BoRNBP _bspa _cCO-BoRNBP _erda |
||
| 041 | _aspa | ||
| 043 | _as-ck--- | ||
| 084 | _aNG PLU1 | ||
| 100 | 1 |
_aPluk, Jim, _d1984- _eautor _958714 |
|
| 245 |
_aCanosa y el gran vecindario/ _cJim Pluk |
||
| 250 | _aEdición especial | ||
| 264 | 1 |
_aBogotá, Colombia, _bCataplum Libros _c2023 |
|
| 300 |
_a63 páginas, _bilustraciones a color, _c22 cm |
||
| 336 |
_2rdacontent _atexto _btxt |
||
| 337 |
_2rdamedia _asin mediación _bn |
||
| 338 |
_2rdacarrier _avolumen _bnc |
||
| 490 | _aPlan Nacional de Lectura, Escritura y Oralidad / Ministerio de Cultura | ||
| 521 | _aRecomendado para un público infantil a partir de los 6 años | ||
| 650 | 1 | 7 |
_2ARMARC _aNovela gráfica infantil colombiana _vSiglo XXI _958715 |
| 650 | 1 | 7 |
_2ARMARC _aLiteratura infantil colombiana _vsiglo XXI _958716 |
| 650 | 1 | 7 |
_2ARMARC _aVecindario en la literatura _9929 |
| 942 |
_2ddc _cBKINF |
||
| 999 |
_c56955 _d56955 |
||